<?xml version="1.0" encoding="UTF-8"?>
<collection xmlns="http://www.loc.gov/MARC21/slim">
 <record>
  <leader>01844nam a22002417a 4500</leader>
  <controlfield tag="001">NCT_4_015715</controlfield>
  <controlfield tag="008">250116b        xxu||||| |||| 00| 0 vie d</controlfield>
  <datafield tag="999" ind1=" " ind2=" ">
   <subfield code="c">8748</subfield>
   <subfield code="d">8748</subfield>
  </datafield>
  <datafield tag="020" ind1=" " ind2=" ">
   <subfield code="a">9786045574379</subfield>
   <subfield code="c">150000</subfield>
  </datafield>
  <datafield tag="082" ind1="0" ind2="4">
   <subfield code="2">23rd ed.</subfield>
   <subfield code="a">004.678</subfield>
   <subfield code="b">H531</subfield>
  </datafield>
  <datafield tag="100" ind1="1" ind2=" ">
   <subfield code="a">Nguyễn Tấn Huynh</subfield>
  </datafield>
  <datafield tag="245" ind1="1" ind2="0">
   <subfield code="a">Internet of Things : </subfield>
   <subfield code="b">Các vấn đề hiện nay</subfield>
   <subfield code="c">Nguyễn Tấn Huynh</subfield>
  </datafield>
  <datafield tag="260" ind1=" " ind2=" ">
   <subfield code="a">H.</subfield>
   <subfield code="b">Nxb. Hà Nội</subfield>
   <subfield code="c">2020</subfield>
  </datafield>
  <datafield tag="300" ind1=" " ind2=" ">
   <subfield code="a">186 tr.</subfield>
   <subfield code="b">Minh hoạ</subfield>
   <subfield code="c">23 cm</subfield>
  </datafield>
  <datafield tag="520" ind1="3" ind2=" ">
   <subfield code="a">Nội dung sách trình bày cách thức hoạt động của internet of things (IoT), các yếu tố ảnh hưởng đến sự phát triển một hệ thống IoT. Trình bày những vấn đề về các dự án IoT liên quan đến giáo dục, y tế, nông nghiệp, môi trường, giao thông... và xu hướng phát triển của công nghệ IoT tại Việt Nam.</subfield>
  </datafield>
  <datafield tag="653" ind1=" " ind2=" ">
   <subfield code="a">Truyền thông đa phương tiện</subfield>
  </datafield>
  <datafield tag="942" ind1=" " ind2=" ">
   <subfield code="2">ddc</subfield>
   <subfield code="c">BK</subfield>
  </datafield>
  <datafield tag="952" ind1=" " ind2=" ">
   <subfield code="0">0</subfield>
   <subfield code="1">0</subfield>
   <subfield code="2">ddc</subfield>
   <subfield code="4">0</subfield>
   <subfield code="6">004_678000000000000_H531</subfield>
   <subfield code="7">0</subfield>
   <subfield code="9">30040</subfield>
   <subfield code="a">000001</subfield>
   <subfield code="b">000001</subfield>
   <subfield code="d">2025-01-16</subfield>
   <subfield code="o">004.678 H531</subfield>
   <subfield code="p">MD.23506</subfield>
   <subfield code="r">2025-01-16</subfield>
   <subfield code="v">150000.00</subfield>
   <subfield code="w">2025-01-16</subfield>
   <subfield code="y">BK</subfield>
  </datafield>
  <datafield tag="952" ind1=" " ind2=" ">
   <subfield code="0">0</subfield>
   <subfield code="1">0</subfield>
   <subfield code="2">ddc</subfield>
   <subfield code="4">0</subfield>
   <subfield code="6">004_678000000000000_H531</subfield>
   <subfield code="7">0</subfield>
   <subfield code="9">30041</subfield>
   <subfield code="a">000001</subfield>
   <subfield code="b">000001</subfield>
   <subfield code="d">2025-01-16</subfield>
   <subfield code="o">004.678 H531</subfield>
   <subfield code="p">MD.23507</subfield>
   <subfield code="r">2025-01-16</subfield>
   <subfield code="v">150000.00</subfield>
   <subfield code="w">2025-01-16</subfield>
   <subfield code="y">BK</subfield>
  </datafield>
  <datafield tag="952" ind1=" " ind2=" ">
   <subfield code="0">0</subfield>
   <subfield code="1">0</subfield>
   <subfield code="2">ddc</subfield>
   <subfield code="4">0</subfield>
   <subfield code="6">004_678000000000000_H531</subfield>
   <subfield code="7">0</subfield>
   <subfield code="9">30042</subfield>
   <subfield code="a">000001</subfield>
   <subfield code="b">000001</subfield>
   <subfield code="d">2025-01-16</subfield>
   <subfield code="o">004.678 H531</subfield>
   <subfield code="p">MD.23508</subfield>
   <subfield code="r">2025-01-16</subfield>
   <subfield code="v">150000.00</subfield>
   <subfield code="w">2025-01-16</subfield>
   <subfield code="y">BK</subfield>
  </datafield>
  <datafield tag="952" ind1=" " ind2=" ">
   <subfield code="0">0</subfield>
   <subfield code="1">0</subfield>
   <subfield code="2">ddc</subfield>
   <subfield code="4">0</subfield>
   <subfield code="6">004_678000000000000_H531</subfield>
   <subfield code="7">0</subfield>
   <subfield code="9">30043</subfield>
   <subfield code="a">000001</subfield>
   <subfield code="b">000001</subfield>
   <subfield code="d">2025-01-16</subfield>
   <subfield code="o">004.678 H531</subfield>
   <subfield code="p">MD.23509</subfield>
   <subfield code="r">2025-01-16</subfield>
   <subfield code="v">150000.00</subfield>
   <subfield code="w">2025-01-16</subfield>
   <subfield code="y">BK</subfield>
  </datafield>
  <datafield tag="952" ind1=" " ind2=" ">
   <subfield code="0">0</subfield>
   <subfield code="1">0</subfield>
   <subfield code="2">ddc</subfield>
   <subfield code="4">0</subfield>
   <subfield code="6">004_678000000000000_H531</subfield>
   <subfield code="7">0</subfield>
   <subfield code="9">30044</subfield>
   <subfield code="a">000001</subfield>
   <subfield code="b">000001</subfield>
   <subfield code="d">2025-01-16</subfield>
   <subfield code="o">004.678 H531</subfield>
   <subfield code="p">MD.23510</subfield>
   <subfield code="r">2025-01-16</subfield>
   <subfield code="v">150000.00</subfield>
   <subfield code="w">2025-01-16</subfield>
   <subfield code="y">BK</subfield>
  </datafield>
  <datafield tag="980" ind1=" " ind2=" ">
   <subfield code="a">Thư viện Trường Đại học Nam Cần Thơ</subfield>
  </datafield>
 </record>
</collection>
